Estados de México en un minuto - Estadísticas

Estadísticas generales
  • Esta prueba ha sido intentada 7.089 veces
  • La puntuación promedio es 15 de 31
Respuestas en el mapa
Las respuestas están codificadas por una escala verde-roja en el mapa de la prueba según el % correcto abajo.
 
Estadísticas de respuestas
Estado % Correcto
Baja California
81%
Chihuahua
73%
Sonora
69%
Sinaloa
64%
Yucatán
63%
Baja California Sur
61%
Nuevo León
59%
Jalisco
57%
México
55%
Veracruz
55%
Chiapas
53%
Oaxaca
53%
Tamaulipas
51%
Coahuila
50%
Durango
50%
Guerrero
44%
Quintana Roo
44%
Colima
41%
Nayarit
40%
Puebla
40%
Zacatecas
40%
Campeche
39%
Aguascalientes
37%
Michoacán
36%
Tabasco
36%
San Luis Potosí
35%
Guanajuato
30%
Morelos
28%
Querétaro
28%
Tlaxcala
26%
Hidalgo
25%
No se encontraron pruebas coincidentes
Distribución de puntuación
Porcentaje de gente con cada puntuación
Porcentaje por número respondido
Historial de tus puntuaciones
No has intentado esta prueba.